书目信息 |
| 题名: |
建筑设计与表达
|
|
| 作者: | 贠禄 著 | |
| 分册: | ||
| 出版信息: | 长春 东北师范大学出版社 2020.07 |
|
| 页数: | 257页 | |
| 开本: | 24cm | |
| 丛书名: | ||
| 单 册: | ||
| 中图分类: | TU2 | |
| 科图分类: | ||
| 主题词: | 建筑设计--jian zhu she ji | |
| 电子资源: | ||
| ISBN: | 978-7-5681-6958-5 | |
| 000 | 01124nam0 2200241 450 | |
| 001 | CAL 0120203088410 | |
| 005 | 20201021152441 | |
| 010 | @a978-7-5681-6958-5@dCNY65.00 | |
| 100 | @a20201021d2020 em y0chiy0120 ea | |
| 101 | 0 | @achi |
| 102 | @aCN@b220000 | |
| 105 | @ay a 000yy | |
| 106 | @ar | |
| 200 | 1 | @a建筑设计与表达@Ajian zhu she ji yu biao da@f贠禄著 |
| 210 | @a长春@c东北师范大学出版社@d2020.07 | |
| 215 | @a257页@d24cm | |
| 320 | @a有书目 (第256-257页) | |
| 330 | @a本书编写体例新颖, 注重原理的应用, 从基本设计原理入手, 经过分析综合, 最终给予必要的抽象、概括, 从而形成系统的理论观点, 使建筑设计与表现永远保持其生命力、推动力和魅力, 重新唤起研究和学习设计表现原则和艺术理念的热情, 既避免就事论事, 又避免了空泛或玄妙。首先, 本书强调具有应用价值, 避免空洞理论, 言之无物, 通过阅读本书, 可以使读者明白, 究竞如何才能做好建筑设计 ; 如何做出好的设计。其次, 本书避了免居高临下的说教, 以通俗的语言将建筑设计的相关理论、知识、道理深入浅出地阐述出来。 | |
| 606 | 0 | @a建筑设计@Ajian zhu she ji |
| 690 | @aTU2@v5 | |
| 701 | 0 | @a贠禄@Ayuan lu@4著 |
| 801 | 0 | @aCN@b人天书店@c20201021 |
| 905 | @aTSG@bTU2@dTU2@eB669@f2 | |
| 建筑设计与表达/贠禄著.-长春:东北师范大学出版社,2020.07 |
| 257页;24cm |
| ISBN 978-7-5681-6958-5:CNY65.00 |
| 本书编写体例新颖, 注重原理的应用, 从基本设计原理入手, 经过分析综合, 最终给予必要的抽象、概括, 从而形成系统的理论观点, 使建筑设计与表现永远保持其生命力、推动力和魅力, 重新唤起研究和学习设计表现原则和艺术理念的热情, 既避免就事论事, 又避免了空泛或玄妙。首先, 本书强调具有应用价值, 避免空洞理论, 言之无物, 通过阅读本书, 可以使读者明白, 究竞如何才能做好建筑设计 ; 如何做出好的设计。其次, 本书避了免居高临下的说教, 以通俗的语言将建筑设计的相关理论、知识、道理深入浅出地阐述出来。 |
| ● |
| 相关链接 |
|
|
|
正题名:建筑设计与表达
索取号:TU2/B669
 
预约/预借
| 序号 | 登录号 | 条形码 | 馆藏地/架位号 | 状态 | 备注 |
| 1 | 1550128 | 215501286 | 建筑库101/101建筑库 29排3列4层/ [索取号:TU2/B669] | 在馆 | |
| 2 | 1550129 | 215501295 | 建筑库101/101建筑库 29排3列4层/ [索取号:TU2/B669] | 在馆 |